tout les records en athlétisme et sur route - Statistiques

Statistiques générales
  • Ce quiz a été pris 31 fois
    27 depuis la dernière actualisation
  • Le résultat moyen est 6 sur 13
Statistiques - réponses
Hint Réponse % Correct
200M /M 19.19
95%
100M/ M 9.58
95%
800M /M 1.40
67%
1000M/M 2.11
57%
400M /M 43"03
52%
5000M /M 12.35
38%
Marathon/M 2:00:35
38%
3000 /M 7.17
38%
10000M /M 26.11
33%
1500M /M 3:26.00
33%
semie-marathon sur route/ H 56:42
29%
Miles 3:43
24%
2000M /M 4.43
24%
Aucun quiz correspondant
Distribution des résultats
% des personnes avec chaque résultat
Percentile par nombre de réponses
Votre historique - résultats
Vous n’avez pas pris ce quiz depuis la dernière actualisation